| Tag |
First Indicator |
Second Indicator |
Subfields |
| LEADER |
00000cam a2200000 a 4500 |
| 001 |
in00001202913 |
| 005 |
20151002073735.0 |
| 008 |
940126s1993 utu 001 0 eng |
| 010 |
|
|
|a 94001729
|
| 020 |
|
|
|a 0791422259
|
| 035 |
|
|
|a (OCoLC)29844758
|
| 035 |
|
|
|9 AGM7566AM
|
| 040 |
|
|
|a DLC
|c DLC
|d TXA
|d UtOrBLW
|
| 043 |
|
|
|a n-us---
|
| 049 |
|
|
|a TXAM
|
| 050 |
0 |
0 |
|a KF4749.A2
|b B54 1994
|
| 082 |
0 |
0 |
|a 342.73/085
|a 347.30285
|2 20
|
| 090 |
|
|
|a KF4749.A2
|b B54 1993
|
| 245 |
0 |
4 |
|a The Bill of Rights :
|b a bicentennial assessment /
|c edited by Gary C. Bryner and A. Don Sorenson.
|
| 264 |
|
1 |
|a Provo, Utah :
|b Brigham Young University,
|c [1993]
|
| 264 |
|
4 |
|c ©1993
|
| 300 |
|
|
|a vii, 280 pages ;
|c 24 cm.
|
| 336 |
|
|
|a text
|b txt
|2 rdacontent
|
| 337 |
|
|
|a unmediated
|b n
|2 rdamedia
|
| 338 |
|
|
|a volume
|b nc
|2 rdacarrier
|
| 504 |
|
|
|a Includes bibliographical references and index.
|
| 650 |
|
0 |
|a Constitutional law
|z United States
|x Amendments
|x 1st-10th.
|
| 650 |
|
0 |
|a Civil rights
|z United States.
|
| 700 |
1 |
|
|a Bryner, Gary C.,
|d 1951-
|
| 700 |
1 |
|
|a Sorenson, A. Don
|q (Alma Don),
|d 1935-
|
| 999 |
|
|
|a MARS
|
| 999 |
f |
f |
|s b6785195-b87a-3a90-88a0-cdf1b4df38d0
|i 27b0e304-95ae-325f-b05d-4e99f8fe1063
|t 0
|
| 952 |
f |
f |
|p ric
|a Texas A&M University
|b Rellis Campus
|c Joint Library Facility
|d Remote Storage
|t 0
|e KF4749.A2 B54 1993
|h Library of Congress classification
|i unmediated -- volume
|m A14818543831
|
| 998 |
f |
f |
|a KF4749.A2 B54 1993
|t 0
|l Remote Storage
|